[Event "Mumbai Mayors Cup 7th"]
[Site "Mumbai"]
[Date "2014.06.03"]
[Round "3"]
[White "Gagunashvili, Merab"]
[Black "Ravi, Lanka"]
[Result "1-0"]
[WhiteElo "2562"]
[BlackElo "2327"]
[PlyCount "31"]
[EventDate "2014.06.02"]
[EventType "swiss"]
[EventRounds "10"]
[EventCountry "IND"]
[SourceTitle "CBM 160 Extra"]
[Source "ChessBase"]
[SourceDate "2014.07.01"]
[SourceVersion "1"]
[SourceVersionDate "2014.07.01"]
[SourceQuality "1"]

1. d4 d5 2. c4 e6 3. Nf3 c5 4. cxd5 exd5 5. Nc3 Nc6 6. Bf4 cxd4 7. Nxd4 a6 8. Qa4 Nf6 9. e4 dxe4 10. 0-0-0 Qb6 11. Ndb5 Bb4 12. Nc7+ Kf8 13. Nxa8 Qxf2 14. g3 Bg4 15. Bxa6 Bxd1 16. Rxd1 1-0

[Event "Mumbai Mayors Cup 5th"]
[Site "Mumbai"]
[Date "2012.06.10"]
[Round "5"]
[White "Ravi, Lanka"]
[Black "Kunte, Abhijit"]
[Result "1/2-1/2"]
[WhiteElo "2324"]
[BlackElo "2538"]
[PlyCount "32"]
[EventDate "2012.06.07"]
[EventType "swiss"]
[EventRounds "11"]
[EventCountry "IND"]
[SourceTitle "CBM 148 Extra"]
[Source "ChessBase"]
[SourceDate "2012.06.22"]
[SourceVersion "1"]
[SourceVersionDate "2012.06.22"]
[SourceQuality "1"]

1. d4 Nf6 2. Nf3 e6 3. c4 b6 4. a3 Ba6 5. Qc2 Bb7 6. Nc3 c5 7. e4 cxd4 8. Nxd4 Bc5 9. Nb3 Nc6 10. Bg5 h6 11. Bh4 Nd4 12. Nxd4 Bxd4 13. 0-0-0 Bxc3 14. Qxc3 Bxe4 15. f3 Bg6 16. Bd3 Rc8 1/2-1/2

[Event "New Delhi Parsvnath op 10th"]
[Site "New Delhi"]
[Date "2012.01.23"]
[Round "11"]
[White "Singh, Arvinder Preet"]
[Black "Ravi, Lanka"]
[Result "1/2-1/2"]
[WhiteElo "2096"]
[BlackElo "2347"]
[PlyCount "49"]
[EventDate "2012.01.15"]
[EventType "swiss"]
[EventRounds "11"]
[EventCountry "IND"]
[SourceTitle "CBM 146 Extra"]
[Source "ChessBase"]
[SourceDate "2012.02.29"]
[SourceVersion "1"]
[SourceVersionDate "2012.02.29"]
[SourceQuality "1"]

1. e4 c5 2. Nf3 a6 3. g3 Nc6 4. Bg2 g6 5. 0-0 Bg7 6. c3 d6 7. d4 cxd4 8. cxd4 Bg4 9. Be3 Nf6 10. Nc3 0-0 11. Rc1 d5 12. h3 Bxf3 13. Qxf3 dxe4 14. Nxe4 Nxd4 15. Bxd4 Qxd4 16. Nxf6+ Bxf6 17. Qxb7 Ra7 18. Qb3 Qxb2 19. Qxb2 Bxb2 20. Rb1 Bd4 21. Rb7 Rd8 22. Rc1 Rd7 23. Rxa7 Bxa7 24. Rc2 Kg7 25. Bf1 1/2-1/2

[Event "New Delhi Parsvnath op 10th"]
[Site "New Delhi"]
[Date "2012.01.17"]
[Round "4"]
[White "Vidit, Santosh Gujrathi"]
[Black "Ravi, Lanka"]
[Result "1/2-1/2"]
[WhiteElo "2513"]
[BlackElo "2347"]
[PlyCount "61"]
[EventDate "2012.01.15"]
[EventType "swiss"]
[EventRounds "11"]
[EventCountry "IND"]
[SourceTitle "CBM 146 Extra"]
[Source "ChessBase"]
[SourceDate "2012.02.29"]
[SourceVersion "1"]
[SourceVersionDate "2012.02.29"]
[SourceQuality "1"]

1. d4 Nf6 2. Nf3 g6 3. c4 Bg7 4. g3 c6 5. b3 d5 6. Bb2 a5 7. Nc3 0-0 8. Bg2 Bf5 9. 0-0 Ne4 10. e3 Nd7 11. Qe2 Nxc3 12. Bxc3 a4 13. cxd5 cxd5 14. bxa4 Nc5 15. Qb5 Nxa4 16. Bb4 Re8 17. Rfc1 Be4 18. Qxb7 Rb8 19. Qc6 Rxb4 20. a3 Rb2 21. Qxa4 Qb8 22. Ne1 e5 23. Bxe4 dxe4 24. d5 f5 25. d6 Rd8 26. Rc7 Qb5 27. Qa7 Bf6 28. Rxh7 Rf8 29. Rh6 Bg7 30. Rxg6 Rf7 31. d7 1/2-1/2

[Event "Visakhapatnam op"]
[Site "Visakhapatnam"]
[Date "2011.11.25"]
[Round "3"]
[White "Ravi, Lanka"]
[Black "Venkatesh, Marani Rajendran"]
[Result "0-1"]
[WhiteElo "2347"]
[BlackElo "2499"]
[PlyCount "72"]
[EventDate "2011.11.24"]
[EventType "swiss"]
[EventRounds "11"]
[EventCountry "IND"]
[SourceTitle "CBM 145 Extra"]
[Source "ChessBase"]
[SourceDate "2012.01.03"]
[SourceVersion "1"]
[SourceVersionDate "2012.01.03"]
[SourceQuality "1"]

1. d4 Nf6 2. c4 e6 3. Nc3 Bb4 4. Qc2 d5 5. cxd5 exd5 6. a3 Bxc3+ 7. bxc3 c5 8. Nf3 Nc6 9. Bg5 h6 10. Bxf6 Qxf6 11. e3 0-0 12. Be2 Bf5 13. Qb2 c4 14. 0-0 Rab8 15. Qb5 Rfd8 16. a4 b6 17. Nd2 Ne7 18. Rfe1 Bd7 19. Qb2 Qg6 20. e4 dxe4 21. Nxe4 Qxe4 22. Bxc4 Qh4 23. Qa2 Qf6 24. Re5 Re8 25. Re3 Nf5 26. Rf3 Re7 27. h3 Rbe8 28. Rf1 Qg5 29. Qa3 Re1 30. Rxe1 Rxe1+ 31. Kh2 Bc6 32. d5 Nh4 33. Rg3 Qf4 34. dxc6 Qxf2 35. Bxf7+ Kxf7 36. Qb3+ Kf6 0-1

[Event "IND-chB 48th"]
[Site "Bhiwani"]
[Date "2010.09.16"]
[Round "1"]
[White "Smeeru, Thakur"]
[Black "Ravi, Lanka"]
[Result "1/2-1/2"]
[WhiteElo "1968"]
[BlackElo "2361"]
[PlyCount "70"]
[EventDate "2010.09.16"]
[EventType "swiss"]
[EventRounds "13"]
[EventCountry "IND"]
[SourceTitle "CBM 138 Extra"]
[Source "ChessBase"]
[SourceDate "2010.10.29"]
[SourceVersion "1"]
[SourceVersionDate "2010.10.29"]
[SourceQuality "1"]

1. Nf3 d5 2. g3 c5 3. Bg2 Nc6 4. 0-0 e5 5. d3 Nf6 6. Nbd2 Qc7 7. e4 d4 8. Nh4 g6 9. f4 Ng4 10. Nc4 b5 11. Nxe5 Ncxe5 12. fxe5 Nxe5 13. c3 Bg7 14. cxd4 cxd4 15. Bf4 0-0 16. Nf3 Bg4 17. Qd2 Bxf3 18. Bxf3 Rac8 19. Bd1 Qb6 20. Bxe5 Bxe5 21. Bb3 Kg7 22. Rf2 a5 23. Raf1 f6 24. Rc1 a4 25. Bd5 h5 26. Qd1 a3 27. Rxc8 Rxc8 28. Rc2 Rxc2 29. Qxc2 axb2 30. Qxb2 Qc5 31. Bb3 h4 32. gxh4 Bf4 33. Qe2 Qc1+ 34. Bd1 Kh6 35. Kg2 Qd2 1/2-1/2

[Event "New Delhi Parsvnath op 8th"]
[Site "New Delhi"]
[Date "2010.01.21"]
[Round "10"]
[White "Ravi, Lanka"]
[Black "Gusain, Himal"]
[Result "1-0"]
[WhiteElo "2373"]
[BlackElo "2214"]
[PlyCount "85"]
[EventDate "2010.01.14"]
[EventType "swiss"]
[EventRounds "11"]
[EventCountry "IND"]
[SourceTitle "CBM 134 Extra"]
[Source "ChessBase"]
[SourceDate "2010.03.03"]
[SourceVersion "1"]
[SourceVersionDate "2010.03.03"]
[SourceQuality "1"]

1. Nf3 d5 2. d4 c6 3. c4 e6 4. e3 Bd6 5. Bd3 f5 6. a3 Nf6 7. b4 0-0 8. Nbd2 Ne4 9. Bb2 Nd7 10. 0-0 a6 11. Ne5 Qf6 12. f4 g5 13. Bxe4 fxe4 14. Qh5 Qg7 15. fxg5 Nxe5 16. dxe5 Be7 17. Rxf8+ Bxf8 18. Rf1 Bd7 19. h4 a5 20. c5 axb4 21. axb4 Ra2 22. Bc3 Rc2 23. Nb1 Be7 24. Qd1 Ra2 25. Nd2 Be8 26. Qb3 Ra8 27. Nxe4 dxe4 28. Qxe6+ Kh8 29. Qc4 Ra3 30. Bb2 Rd3 31. Qa2 Rd2 32. Qa8 Rd8 33. Qxb7 Rd2 34. Ba1 Ra2 35. Bd4 Rd2 36. b5 h6 37. bxc6 hxg5 38. Qc8 Qg6 39. h5 Qxc6 40. Qxc6 Bxc6 41. Rf7 g4 42. Rxe7 g3 43. e6+ 1-0

[Event "New Delhi Parsvnath op 8th"]
[Site "New Delhi"]
[Date "2010.01.16"]
[Round "5"]
[White "Hegde, Ravi Gopal"]
[Black "Ravi, Lanka"]
[Result "0-1"]
[WhiteElo "2208"]
[BlackElo "2373"]
[PlyCount "38"]
[EventDate "2010.01.14"]
[EventType "swiss"]
[EventRounds "11"]
[EventCountry "IND"]
[SourceTitle "CBM 134 Extra"]
[Source "ChessBase"]
[SourceDate "2010.03.03"]
[SourceVersion "1"]
[SourceVersionDate "2010.03.03"]
[SourceQuality "1"]

1. e4 c6 2. d4 d5 3. exd5 cxd5 4. c4 Nf6 5. Nc3 g6 6. cxd5 Nxd5 7. Bc4 Nxc3 8. bxc3 Bg7 9. Nf3 Qc7 10. Qb3 0-0 11. Ng5 e6 12. Ba3 Rd8 13. 0-0 Nc6 14. Bd3 b6 15. Rfe1 Na5 16. Qc2 Bb7 17. Rxe6 Bxd4 18. Bb4 fxe6 19. Bxa5 bxa5 0-1

[Event "New Delhi Parsvnath op 8th"]
[Site "New Delhi"]
[Date "2010.01.15"]
[Round "3"]
[White "Prince, Bajaj"]
[Black "Ravi, Lanka"]
[Result "1/2-1/2"]
[WhiteElo "2155"]
[BlackElo "2373"]
[PlyCount "48"]
[EventDate "2010.01.14"]
[EventType "swiss"]
[EventRounds "11"]
[EventCountry "IND"]
[SourceTitle "CBM 134 Extra"]
[Source "ChessBase"]
[SourceDate "2010.03.03"]
[SourceVersion "1"]
[SourceVersionDate "2010.03.03"]
[SourceQuality "1"]

1. e4 c6 2. d4 d5 3. exd5 cxd5 4. c4 Nf6 5. Nc3 g6 6. Qb3 dxc4 7. Bxc4 e6 8. Nf3 Bg7 9. 0-0 0-0 10. Bg5 h6 11. Bh4 Nc6 12. Qd1 b6 13. Bb3 Ne7 14. d5 exd5 15. Bxf6 Bxf6 16. Nxd5 Nxd5 17. Bxd5 Ba6 18. Bxa8 Bxf1 19. Qxd8 Rxd8 20. Kxf1 Rxa8 21. Rb1 Rc8 22. b3 Rc2 23. a4 a5 24. Rd1 Be7 1/2-1/2

[Event "Figueira da Foz op 5th"]
[Site "Figueira da Foz"]
[Date "2008.12.06"]
[Round "8"]
[White "Ravi, Lanka"]
[Black "Ferreira, Jorge Viterbo"]
[Result "1/2-1/2"]
[WhiteElo "2371"]
[BlackElo "2153"]
[PlyCount "113"]
[EventDate "2008.11.30"]
[EventType "swiss"]
[EventRounds "9"]
[EventCountry "POR"]
[SourceTitle "CBM 127 Extra"]
[Source "ChessBase"]
[SourceDate "2009.01.08"]
[SourceVersion "2"]
[SourceVersionDate "2009.01.28"]
[SourceQuality "1"]

1. d4 d5 2. c4 e6 3. cxd5 exd5 4. Nc3 c5 5. Nf3 Nf6 6. g3 Nc6 7. Bg2 Be7 8. 0-0 0-0 9. dxc5 Bxc5 10. Bg5 d4 11. Bxf6 Qxf6 12. Nd5 Qd8 13. Nd2 a6 14. Rc1 Ba7 15. Nf4 Rb8 16. a3 Re8 17. b4 Ne5 18. Ne4 b5 19. a4 Nc4 20. axb5 axb5 21. Nd2 Nxd2 22. Qxd2 Bb7 23. Rfd1 Bxg2 24. Nxg2 Qe7 25. Rc2 Rbc8 26. Rxc8 Rxc8 27. Ne1 h6 28. Ra1 Bb6 29. Nd3 Re8 30. Ra2 Qb7 31. Qf4 Qd5 32. Rc2 Ra8 33. h4 Ra1+ 34. Rc1 Rxc1+ 35. Qxc1 Qe4 36. Qc8+ Kh7 37. Qc2 g6 38. f3 Qe7 39. Kf1 Qd6 40. Qa2 Kg7 41. Kf2 Bc7 42. f4 Qc6 43. Qa7 Qd6 44. Qb7 Qb6 45. Qd5 Bd6 46. h5 gxh5 47. Qxh5 Qc6 48. Qg4+ Kf8 49. Qh4 Be7 50. Qh5 Qe6 51. Qe5 Qxe5 52. fxe5 f6 53. Kf3 fxe5 54. Ke4 Bd6 55. Kd5 Ke7 56. Nxe5 h5 57. Nc6+ 1/2-1/2

[Event "Figueira da Foz op 5th"]
[Site "Figueira da Foz"]
[Date "2008.12.01"]
[Round "2"]
[White "Durao, Joaquim Manuel"]
[Black "Ravi, Lanka"]
[Result "0-1"]
[WhiteElo "2112"]
[BlackElo "2371"]
[PlyCount "53"]
[EventDate "2008.11.30"]
[EventType "swiss"]
[EventRounds "9"]
[EventCountry "POR"]
[SourceTitle "CBM 127 Extra"]
[Source "ChessBase"]
[SourceDate "2009.01.08"]
[SourceVersion "2"]
[SourceVersionDate "2009.01.28"]
[SourceQuality "1"]

1. e4 c5 2. Nf3 a6 3. c4 d6 4. d4 Bg4 5. dxc5 Qa5+ 6. Bd2 Qxc5 7. Be3 Qc8 8. Nc3 Nf6 9. Rc1 e6 10. Be2 Be7 11. 0-0 Nbd7 12. h3 Bh5 13. Nd4 Bg6 14. f3 0-0 15. b3 b6 16. Qd2 Qb7 17. Nc2 Rac8 18. Bf4 Rfd8 19. Ne1 d5 20. cxd5 exd5 21. Nxd5 Nxd5 22. Qxd5 Qxd5 23. exd5 Rxc1 24. Bxc1 b5 25. a4 bxa4 26. bxa4 a5 27. Nd3 0-1

[Event "Commonwealth-ch"]
[Site "Nagpur"]
[Date "2008.10.05"]
[Round "10"]
[White "Ravi, Lanka"]
[Black "Preethi, Rajkumar"]
[Result "1-0"]
[WhiteElo "2371"]
[BlackElo "2183"]
[PlyCount "99"]
[EventDate "2008.09.28"]
[EventType "swiss"]
[EventRounds "11"]
[EventCountry "IND"]
[SourceTitle "CBM 126 Extra"]
[Source "ChessBase"]
[SourceDate "2008.11.05"]
[SourceVersion "1"]
[SourceVersionDate "2008.11.05"]
[SourceQuality "1"]

1. d4 Nf6 2. Nf3 b6 3. c4 e6 4. Nc3 Bb7 5. Bg5 Be7 6. e3 0-0 7. Bd3 d5 8. 0-0 Nbd7 9. Rc1 h6 10. Bf4 c5 11. Qe2 Ne4 12. cxd5 exd5 13. Rfd1 Nxc3 14. bxc3 c4 15. Bf5 Ba3 16. Rb1 Re8 17. Qc2 Nf6 18. Ne5 Bd6 19. Qe2 Qe7 20. h3 Bc8 21. Bc2 Bb7 22. Bg3 Rac8 23. a4 Nd7 24. Bf5 Bxe5 25. Bxe5 g6 26. Qg4 Nxe5 27. dxe5 Rcd8 28. e6 Kh7 29. exf7 Qxf7 30. Bc2 Re5 31. h4 h5 32. Qg3 Rde8 33. a5 R5e6 34. axb6 axb6 35. Rd4 Rf6 36. Qg5 Kg7 37. Rf4 Ree6 38. Ra1 b5 39. Ra7 Re7 40. Bxg6 Rxg6 41. Rxf7+ Rxf7 42. Qe5+ Kh7 43. Qxh5+ Kg7 44. g4 Bc6 45. Qe5+ Kg8 46. Rxf7 Kxf7 47. g5 Re6 48. Qf5+ Ke7 49. g6 Rf6 50. Qg5 1-0

[Event "Commonwealth-ch"]
[Site "Nagpur"]
[Date "2008.10.02"]
[Round "6"]
[White "Ravi, Lanka"]
[Black "Premnath, Ramanathan"]
[Result "1/2-1/2"]
[WhiteElo "2371"]
[BlackElo "2257"]
[PlyCount "59"]
[EventDate "2008.09.28"]
[EventType "swiss"]
[EventRounds "11"]
[EventCountry "IND"]
[SourceTitle "CBM 126 Extra"]
[Source "ChessBase"]
[SourceDate "2008.11.05"]
[SourceVersion "1"]
[SourceVersionDate "2008.11.05"]
[SourceQuality "1"]

1. c4 Nf6 2. Nf3 e6 3. d4 c5 4. g3 cxd4 5. Nxd4 a6 6. Bg2 Bb4+ 7. Bd2 Be7 8. Nc3 0-0 9. 0-0 Nc6 10. Nc2 d6 11. b3 Qc7 12. Rc1 Rb8 13. Ne1 Ne5 14. e4 b6 15. Qe2 Bb7 16. f4 Ned7 17. Nd3 Rbc8 18. f5 exf5 19. Nd5 Nxd5 20. exd5 Rce8 21. Rxf5 Bg5 22. Qf2 Bxd2 23. Qxd2 Nc5 24. Nf2 Bc8 25. Rf4 a5 26. Qc3 Re2 27. a3 Qe7 28. Nd1 Re8 29. b4 axb4 30. axb4 1/2-1/2

[Event "Commonwealth-ch"]
[Site "Nagpur"]
[Date "2008.10.01"]
[Round "5"]
[White "Ravi, Lanka"]
[Black "Fenil, Shah"]
[Result "1/2-1/2"]
[WhiteElo "2371"]
[BlackElo "2129"]
[PlyCount "50"]
[EventDate "2008.09.28"]
[EventType "swiss"]
[EventRounds "11"]
[EventCountry "IND"]
[SourceTitle "CBM 126 Extra"]
[Source "ChessBase"]
[SourceDate "2008.11.05"]
[SourceVersion "1"]
[SourceVersionDate "2008.11.05"]
[SourceQuality "1"]

1. d4 Nf6 2. Nf3 e6 3. g3 d5 4. Bg2 Be7 5. Nbd2 0-0 6. 0-0 c5 7. dxc5 Na6 8. b3 Nxc5 9. Bb2 b6 10. Ne5 Bb7 11. c4 Rc8 12. Rc1 dxc4 13. Bxb7 Nxb7 14. Ndxc4 Nc5 15. b4 Qxd1 16. Rfxd1 Na4 17. b5 Nxb2 18. Nxb2 Nd5 19. Rxc8 Rxc8 20. Nc6 Bf6 21. a4 a6 22. Nc4 axb5 23. axb5 Nc3 24. Nxb6 Rc7 25. Rd7 Nxb5 1/2-1/2

[Event "Commonwealth-ch"]
[Site "Nagpur"]
[Date "2008.09.29"]
[Round "2"]
[White "Ravi, Lanka"]
[Black "Das, Sayantan"]
[Result "1-0"]
[WhiteElo "2371"]
[BlackElo "2135"]
[PlyCount "75"]
[EventDate "2008.09.28"]
[EventType "swiss"]
[EventRounds "11"]
[EventCountry "IND"]
[SourceTitle "CBM 126 Extra"]
[Source "ChessBase"]
[SourceDate "2008.11.05"]
[SourceVersion "1"]
[SourceVersionDate "2008.11.05"]
[SourceQuality "1"]

1. c4 e6 2. Nf3 d5 3. e3 Nf6 4. b3 c6 5. Bb2 Nbd7 6. d4 Bd6 7. Nbd2 0-0 8. Bd3 Re8 9. Ne5 dxc4 10. Nexc4 Be7 11. f4 c5 12. Qf3 cxd4 13. exd4 Nb6 14. 0-0 Nbd5 15. Rad1 Bf8 16. Ne5 a6 17. Ne4 Nxe4 18. Bxe4 f5 19. Bb1 b5 20. Rd3 Qh4 21. Bc1 Bb7 22. Qe2 Qe7 23. Rh3 Rac8 24. Bd2 Nf6 25. Rd1 Qd6 26. Be1 Qd5 27. b4 Rc7 28. a3 Ba8 29. Re3 Qb7 30. Nd3 Ng4 31. Rxe6 Rce7 32. Rxe7 Rxe7 33. Ne5 h6 34. d5 Re8 35. Bxf5 Nf6 36. Be6+ Kh8 37. Ng6+ Kh7 38. Qc2 1-0

[Event "Dubai op 10th"]
[Site "Dubai"]
[Date "2008.04.14"]
[Round "9"]
[White "Ravi, Lanka"]
[Black "Nikzaban, Ehsan"]
[Result "1-0"]
[WhiteElo "2382"]
[BlackElo "2069"]
[PlyCount "59"]
[EventDate "2008.04.06"]
[EventType "swiss"]
[EventRounds "9"]
[EventCountry "UAE"]
[SourceTitle "CBM 123 Extra"]
[Source "ChessBase"]
[SourceDate "2008.05.06"]
[SourceVersion "1"]
[SourceVersionDate "2008.05.06"]
[SourceQuality "1"]

1. d4 Nf6 2. Nf3 e6 3. c4 b6 4. Nc3 Bb7 5. a3 d5 6. Qc2 c5 7. cxd5 Nxd5 8. e4 Nxc3 9. bxc3 Be7 10. Bb5+ Bc6 11. Bd3 0-0 12. Bb2 Nd7 13. Rd1 f5 14. exf5 Bxf3 15. gxf3 Bh4 16. Bc4 Kh8 17. Bxe6 Qe7 18. d5 Qd6 19. Qe4 Bg5 20. Rg1 Nf6 21. Qc2 Bh6 22. Rg3 Nh5 23. c4 Rae8 24. Qe4 Qb8 25. Rh3 Nf6 26. Qe5 b5 27. cxb5 Nd7 28. Qc3 Rxf5 29. Rxh6 Re5+ 30. Kf1 1-0

[Event "Dubai op 10th"]
[Site "Dubai"]
[Date "2008.04.12"]
[Round "7"]
[White "Ravi, Lanka"]
[Black "Chaichi, SN."]
[Result "1-0"]
[WhiteElo "2382"]
[BlackElo "2134"]
[PlyCount "67"]
[EventDate "2008.04.06"]
[EventType "swiss"]
[EventRounds "9"]
[EventCountry "UAE"]
[SourceTitle "CBM 123 Extra"]
[Source "ChessBase"]
[SourceDate "2008.05.06"]
[SourceVersion "1"]
[SourceVersionDate "2008.05.06"]
[SourceQuality "1"]

1. d4 Nf6 2. Nf3 e6 3. c4 c5 4. d5 exd5 5. cxd5 d6 6. Nc3 g6 7. e4 Bg7 8. h3 0-0 9. Bd3 b5 10. a3 a6 11. 0-0 Nbd7 12. Bf4 Qc7 13. Qd2 Re8 14. Rfe1 Ne5 15. Nxe5 dxe5 16. Be3 c4 17. Bc2 Rd8 18. b4 Ne8 19. a4 Bd7 20. a5 Nd6 21. Bb6 Qc8 22. f4 Re8 23. fxe5 Bxe5 24. Bd4 Bxh3 25. gxh3 Qxh3 26. Re2 f6 27. Rg2 Kg7 28. Rf1 Nf7 29. Qf2 Bxd4 30. Qxd4 Re5 31. Qf2 f5 32. exf5 Qxc3 33. fxg6 Ng5 34. Qf6+ 1-0

[Event "Commonwealth-ch"]
[Site "New Delhi"]
[Date "2007.12.08"]
[Round "8"]
[White "Ramesh, Ramachandran B"]
[Black "Ravi, Lanka"]
[Result "1-0"]
[WhiteElo "2473"]
[BlackElo "2388"]
[PlyCount "71"]
[EventDate "2007.12.03"]
[EventType "swiss"]
[EventRounds "10"]
[EventCountry "IND"]
[SourceTitle "CBM 121 Extra"]
[Source "ChessBase"]
[SourceDate "2008.01.10"]
[SourceVersion "1"]
[SourceVersionDate "2008.01.10"]
[SourceQuality "1"]

1. e4 c6 2. d4 d5 3. e5 Qb6 4. Nc3 a6 5. Be2 Bf5 6. Nf3 e6 7. 0-0 h6 8. b3 Nd7 9. Na4 Qa7 10. c4 b5 11. Nb2 Ne7 12. a4 bxc4 13. bxc4 a5 14. Bd2 Rb8 15. Qc1 Be4 16. Bc3 Nf5 17. c5 Bxf3 18. Bxf3 Be7 19. Bd1 f6 20. Bh5+ Kf8 21. Kh1 g6 22. Be2 h5 23. Qd2 Kg7 24. Bd1 Rbe8 25. Bxa5 Nxd4 26. Bc3 Nf5 27. exf6+ Bxf6 28. Bxf6+ Kxf6 29. Qc3+ Kf7 30. Bc2 h4 31. Qh3 Qa6 32. Qg4 Ne3 33. Qxh4 Qxf1+ 34. Rxf1 Nxf1 35. Qxh8 Ne5 36. Qh7+ 1-0

[Event "Asia-ch 6th"]
[Site "Cebu"]
[Date "2007.09.28"]
[Round "10"]
[White "Fancy, Stuart"]
[Black "Ravi, Lanka"]
[Result "0-1"]
[WhiteElo "2152"]
[BlackElo "2404"]
[PlyCount "91"]
[EventDate "2007.09.19"]
[EventType "swiss"]
[EventRounds "11"]
[EventCountry "PHI"]
[SourceTitle "CBM 120 Extra"]
[Source "ChessBase"]
[SourceDate "2007.11.01"]
[SourceVersion "1"]
[SourceVersionDate "2007.11.01"]
[SourceQuality "1"]

1. e4 e6 2. Nc3 d5 3. Nf3 Nf6 4. exd5 exd5 5. d4 Be7 6. h3 Bf5 7. Bd3 Bxd3 8. Qxd3 0-0 9. Qb5 b6 10. Ne5 c6 11. Qd3 Nfd7 12. 0-0 Nxe5 13. dxe5 Nd7 14. f4 Nc5 15. Qe2 f5 16. b4 Ne6 17. a3 a5 18. b5 Bc5+ 19. Kh2 Bd4 20. Bb2 Rc8 21. Rab1 Bxc3 22. Bxc3 cxb5 23. Ba1 b4 24. axb4 a4 25. Qb5 Rxc2 26. Qxa4 Qc7 27. Qb3 Qc4 28. Qxc4 Rxc4 29. Kg3 Ra8 30. Rbd1 Ra3+ 31. Rf3 Rxf3+ 32. gxf3 Nxf4 33. e6 g5 34. Be5 Nxe6 35. Rxd5 Rxb4 36. Bf6 Kf7 37. Rxf5 Rf4 38. Rb5 Rxf6 39. Rxb6 Nd4 40. Rb7+ Kg6 41. Rd7 Rxf3+ 42. Kg2 Rf4 43. Rd6+ Kh5 44. Rd7 Kh6 45. Rd5 Nf5 46. Rd3 0-1

[Event "Asia-ch 6th"]
[Site "Cebu"]
[Date "2007.09.26"]
[Round "8"]
[White "Ravi, Lanka"]
[Black "Yueh, Wei Po"]
[Result "1-0"]
[WhiteElo "2404"]
[BlackElo "2044"]
[PlyCount "137"]
[EventDate "2007.09.19"]
[EventType "swiss"]
[EventRounds "11"]
[EventCountry "PHI"]
[SourceTitle "CBM 120 Extra"]
[Source "ChessBase"]
[SourceDate "2007.11.01"]
[SourceVersion "1"]
[SourceVersionDate "2007.11.01"]
[SourceQuality "1"]

1. c4 e5 2. Nc3 Nf6 3. Nf3 Nc6 4. d4 exd4 5. Nxd4 Bb4 6. Bg5 Bxc3+ 7. bxc3 d6 8. Nxc6 bxc6 9. g3 h6 10. Bf4 Bd7 11. Bg2 0-0 12. c5 d5 13. 0-0 Re8 14. c4 Bg4 15. Re1 Qd7 16. Qd2 Re7 17. Rad1 Rae8 18. f3 Be6 19. Be5 Nh7 20. Ba1 f6 21. h4 Qc8 22. cxd5 cxd5 23. c6 Qa6 24. Rc1 Bf7 25. Bf1 Qa3 26. Bd4 Qd6 27. Kf2 Qd8 28. Bxa7 Nf8 29. Bc5 Re5 30. Bd4 R5e7 31. a4 Qa8 32. a5 Re6 33. e3 Rxc6 34. Rxc6 Qxc6 35. Rc1 Qa4 36. Rxc7 Ne6 37. Rc2 Nxd4 38. exd4 Ra8 39. a6 Bg6 40. Rc7 Rxa6 41. Bxa6 Qxa6 42. Qb2 Qd3 43. g4 h5 44. gxh5 Bxh5 45. Rc8+ Kh7 46. Qc2 Bg6 47. Qxd3 Bxd3 48. Ke3 Bb1 49. Ra8 Bc2 50. Rb8 Ba4 51. Kf4 Kg6 52. Rb7 Bc6 53. Rc7 Ba4 54. Ke3 Bb3 55. Kd2 Kh6 56. Rd7 g5 57. Rd6 gxh4 58. Rxf6+ Kg5 59. Rf8 Ba4 60. Ke3 Bd7 61. Rg8+ Kf5 62. Rg4 h3 63. Kf2 Kf6 64. Kg3 Bxg4 65. fxg4 Kg5 66. Kxh3 Kg6 67. Kh4 Kh6 68. g5+ Kg7 69. Kg4 1-0

[Event "Asia-ch 6th"]
[Site "Cebu"]
[Date "2007.09.24"]
[Round "6"]
[White "Russell, MKA"]
[Black "Ravi, Lanka"]
[Result "1/2-1/2"]
[WhiteElo "2220"]
[BlackElo "2404"]
[PlyCount "144"]
[EventDate "2007.09.19"]
[EventType "swiss"]
[EventRounds "11"]
[EventCountry "PHI"]
[SourceTitle "CBM 120 Extra"]
[Source "ChessBase"]
[SourceDate "2007.11.01"]
[SourceVersion "1"]
[SourceVersionDate "2007.11.01"]
[SourceQuality "1"]

1. d4 d5 2. c4 dxc4 3. Nf3 c5 4. e3 Nf6 5. Bxc4 cxd4 6. 0-0 e6 7. exd4 Be7 8. Nc3 0-0 9. Bg5 Nc6 10. Qd2 a6 11. Qf4 b5 12. Bd3 Nb4 13. Bb1 Bb7 14. Qh4 g6 15. Ne4 Nbd5 16. Nc5 Ra7 17. a4 bxa4 18. Rxa4 Bc6 19. Ra3 Nh5 20. Bxe7 Qxe7 21. Qxe7 Nxe7 22. Ne5 Rb8 23. b3 Nf4 24. Rd1 Bxg2 25. Ncd3 Nxd3 26. Bxd3 Bd5 27. Bc4 Rb6 28. Rda1 Nf5 29. Bxd5 exd5 30. Rd1 Kg7 31. Ra5 f6 32. Ng4 Rb5 33. Ra3 a5 34. Ne3 Nh4 35. f4 Rc7 36. Rd3 f5 37. Ra1 h6 38. Kf2 g5 39. Kg3 Kf6 40. Rf1 Kg6 41. Ng2 Nxg2 42. Kxg2 Rc2+ 43. Rf2 Rxf2+ 44. Kxf2 gxf4 45. Kf3 Kg5 46. h4+ Kf6 47. Rc3 Rb6 48. Kxf4 Re6 49. Kf3 Re4 50. Rc6+ Kg7 51. h5 Rxd4 52. Rg6+ Kh7 53. Ra6 Rh4 54. Rxa5 Rxh5 55. Kf4 d4 56. b4 d3 57. Rd5 Rh4+ 58. Ke5 Kg6 59. b5 Rb4 60. Kd6 d2 61. Kc6 Rc4+ 62. Kd6 Rc8 63. Kd7 Rc5 64. Rd6+ Kf7 65. b6 Rc2 66. b7 Rb2 67. Kc7 Ke7 68. Rd7+ Ke6 69. Rxd2 Rxb7+ 70. Kxb7 Ke5 71. Rh2 f4 72. Kc6 f3 1/2-1/2

[Event "Liverpool op"]
[Site "Liverpool"]
[Date "2007.09.09"]
[Round "9"]
[White "Atako, Chino"]
[Black "Ravi, Lanka"]
[Result "1/2-1/2"]
[WhiteElo "2181"]
[BlackElo "2404"]
[PlyCount "97"]
[EventDate "2007.09.03"]
[EventType "swiss"]
[EventRounds "9"]
[EventCountry "ENG"]
[SourceTitle "CBM 120 Extra"]
[Source "ChessBase"]
[SourceDate "2007.11.01"]
[SourceVersion "1"]
[SourceVersionDate "2007.11.01"]
[SourceQuality "1"]

1. e4 c6 2. Nf3 d5 3. Nc3 g6 4. d3 Bg7 5. e5 d4 6. Ne2 Bg4 7. Nexd4 Bxe5 8. h3 Bxf3 9. Nxf3 Bg7 10. d4 Nf6 11. Bd3 0-0 12. 0-0 Nbd7 13. Re1 c5 14. d5 Ne8 15. Bg5 Bf6 16. Bxf6 exf6 17. c4 Nd6 18. Qc2 Qc7 19. Re7 Rfe8 20. Rae1 Rxe7 21. Rxe7 Re8 22. Qe2 Qd8 23. Rxe8+ Qxe8 24. Qxe8+ Nxe8 25. Nd2 Ne5 26. Bf1 g5 27. g3 Nd6 28. b3 f5 29. f3 Kg7 30. Kf2 Ng6 31. a3 Kf6 32. b4 b6 33. bxc5 bxc5 34. Nb3 Nb7 35. Ke2 Ke5 36. Kd3 f4 37. g4 f5 38. Kc3 Nh4 39. Nd2 h6 40. Bd3 Nd6 41. Bf1 Nb7 42. Be2 Nd6 43. Nb3 Nb7 44. Nc1 fxg4 45. hxg4 Ng6 46. Bd3 Ne7 47. Bh7 Nc8 48. Nd3+ Kd6 49. Bf5 1/2-1/2